00353nam a2200157Ia 45000010006000000050017000060080041000230410008000640820015000721000020000872450034001072600009001413000029001506500008001796540008001871549220260306170200.0260306t2012||||xx |||||||||||||| ||und|| aESP a541.3bK92 aKuhn, HanseAUT 0aPrincipios de fisicoquímica c2012 a1031 páginas :c27 cm. aGEN aCCN